Unbeaten Paths : (Record no. 141139)

MARC details
000 -LEADER
fixed length control field 00586nam a22001817a 4500
005 - DATE AND TIME OF LATEST TRANSACTION
control field 20170630152218.0
010 ## - LCCN (DPL NO)
LC control number ENG-118662
020 ## - INTERNATIONAL STANDARD BOOK NUMBER
International Standard Book Number 9788184655698
Terms of availability 480.00
035 ## - SYSTEM CONTROL NUMBER
System control number EN-102194
037 ## - SOURCE OF ACQUISITION
Source of stock number/acquisition DBAD/PUB
082 ## - DEWEY DECIMAL CLASSIFICATION NUMBER
Classification number 282.092
100 ## - MAIN ENTRY--PERSONAL NAME
Personal name Fernandes, John
245 ## - TITLE STATEMENT
Title Unbeaten Paths :
Statement of responsibility, etc by John Fernandas
Remainder of title Theological reflections on times of transition /
260 ## - PUBLICATION, DISTRIBUTION, ETC. (IMPRINT)
Place of publication, distribution, etc Delhi
Name of publisher, distributor, etc ISPCK
Date of publication, distribution, etc 2017
270 ## - ADDRESS
Address Post Box 1585, 1654, Madarsa Road, Kashmere Gate, Delhi-110006
300 ## - PHYSICAL DESCRIPTION
Extent xxx,423p
Dimensions 23cm.(pbk)
Other physical details ill.(Pictures)
942 ## - ADDED ENTRY ELEMENTS (KOHA)
Source of classification or shelving scheme Dewey Decimal Classification
Item type English Books
Classification part 282.092
Call number suffix FER
Holdings
Withdrawn status Lost status Not for loan Collection code Home library Current library Date acquired Source of acquisition Cost, normal purchase price Full call number Barcode Copy number Cost, replacement price Koha item type
    Not For Loan Non-fiction D.B.Act.Division Bawana 15/06/2017 DBAD/PUB 480.00 282.092 FER EN-102194 1 480.00 English Books

© Delhi Public Library
Hit Counter
free hit counter